Fundamentals of physics
Volume 2 of the fifth edition of this introduction to physics. This text addresses the issue of building "bridges of reason", so that students may move from qualitative understanding of any given physics concept to making decisions about how to solve a problem involving that concept.
Đã lưu trong:
| 主要作者: | |
|---|---|
| 格式: | 圖書 |
| 語言: | Undetermined |
| 出版: |
New York
Wiley
1997
|
| 主題: | |
| 標簽: |
添加標簽
沒有標簽, 成為第一個標記此記錄!
|
| Thư viện lưu trữ: | Trung tâm Học liệu Trường Đại học Cần Thơ |
|---|
| LEADER | 00898nam a2200217Ia 4500 | ||
|---|---|---|---|
| 001 | CTU_158986 | ||
| 008 | 210402s9999 xx 000 0 und d | ||
| 020 | |c 64.65 | ||
| 082 | |a 530 | ||
| 082 | |b H188/Vol.2 | ||
| 100 | |a Halliday, David | ||
| 245 | 0 | |a Fundamentals of physics | |
| 245 | 0 | |c David Halliday, Robert Resnick, Jearl Walker. | |
| 260 | |a New York | ||
| 260 | |b Wiley | ||
| 260 | |c 1997 | ||
| 520 | |a Volume 2 of the fifth edition of this introduction to physics. This text addresses the issue of building "bridges of reason", so that students may move from qualitative understanding of any given physics concept to making decisions about how to solve a problem involving that concept. | ||
| 650 | |a Physics,Vật lý | ||
| 650 | |x Handbooks, manuals, etc.,Cẩm nang, sách hướng dẫn | ||
| 904 | |i Năm | ||
| 980 | |a Trung tâm Học liệu Trường Đại học Cần Thơ | ||